[Event "Challenge"]
[Site "http://www.queenalice.com/game.php?id=820003"]
[Date "2010.8.18"]
[Round "-"]
[White "UKopra"]
[Black "himmit"]
[Result "0-1"]
[WhiteElo "1100"]
[BlackElo "1588"]

1. d4 d5 2. c4 e6 3. Nc3 Be7 4. e4 Nf6 5. cxd5 exd5 6. exd5 Nxd5 7. Nf3 O-O 8.
Bc4 Nxc3 9. bxc3 Re8 10. O-O Bf6 11. Qb3 Qe7 12. Bg5 Nd7 13. Rfe1 Qf8 14. Re3
Nb6 15. Rxe8 Qxe8 16. Bxf7+ Qxf7 17. Re1 Qxb3 18. axb3 Bf5 19. h3 Kf7 20. g4 Bg6
21. Ne5+ Bxe5 22. Rxe5 Re8 23. f4 Rxe5 24. fxe5 Bc2 25. b4 Nd5 26. Bd2 b5 27.
Kf2 Ke6 28. Kf3 g6 29. h4 h5 30. gxh5 gxh5 31. Be1 Kf5 32. Ke2 Ke4 33. Kd2 Bb3
34. Bg3 c6 35. e6 Nf4 36. e7 Bf7 37. Bxf4 Kxf4 38. Kd3 Kg4 39. c4 bxc4+ 40. Kc3
Kxh4 41. e8=Q Bxe8 42. Kxc4 Kg5 43. d5 cxd5+ 44. Kxd5 h4 45. Ke4 Kg4 46. Kd5 Bb5
0-1

[Event "Let's Play Chess!"]
[Site "http://www.queenalice.com/game.php?id=820333"]
[Date "2010.8.19"]
[Round "-"]
[White "himmit"]
[Black "kre"]
[Result "1-0"]
[WhiteElo "1619"]
[BlackElo "1504"]

1. d4 e6 2. e3 d5 3. Nf3 Be7 4. c4 dxc4 5. Bxc4 Nf6 6. Qc2 Ng4 7. Bd2 e5 8. dxe5
g6 9. Bd3 O-O 10. Bc3 Nc6 11. a3 Bf5 12. Bxf5 Nxf2 13. Kxf2 gxf5 14. Qxf5 b5 15.
e6 fxe6 16. Qxe6+ Rf7 17. Qxc6 Bf6 18. Nbd2 Qf8 19. Bxf6 Rxf6 20. Qxb5 c6 21.
Qb3+ Kh8 22. Qc3 h6 23. Ne4 1-0

[Event "Let's Play Chess!"]
[Site "http://www.queenalice.com/game.php?id=820334"]
[Date "2010.8.19"]
[Round "-"]
[White "rodriw02"]
[Black "himmit"]
[Result "0-1"]
[WhiteElo "1554"]
[BlackElo "1588"]

1. e4 e5 2. Qh5 Nc6 3. Nf3 g6 4. Qg4 d6 5. Qg3 Nf6 6. d3 h6 7. b3 Nh5 8. Qh4 Be7
9. Bg5 hxg5 10. Nxg5 Bxg5 11. Qg3 Nxg3 12. fxg3 Nd4 13. Nc3 Nxc2+ 14. Ke2 Bg4+
15. Kf2 Be3# 0-1

[Event "Let's Play Chess!"]
[Site "http://www.queenalice.com/game.php?id=820796"]
[Date "2010.8.20"]
[Round "-"]
[White "himmit"]
[Black "charles31"]
[Result "1-0"]
[WhiteElo "1540"]
[BlackElo "1621"]

1. d4 d5 2. Nf3 Nc6 3. e3 Bg4 4. Nbd2 h6 5. c4 dxc4 6. Bxc4 e6 7. a3 Be7 8. b4
a6 9. b5 axb5 10. Bxb5 Nf6 11. O-O Qd6 12. h3 Bf5 13. Ne5 Ne4 14. Bb2 O-O 15.
Ndf3 f6 16. Nd3 Na5 17. Nf4 g5 18. Ne2 e5 19. dxe5 fxe5 20. Bxe5 Qb6 21. Rb1 Nc6
22. Bc4+ Kh7 23. Rxb6 cxb6 24. a4 g4 25. hxg4 Bxg4 26. Bd3 Bxf3 27. gxf3 Nxe5
28. Bxe4+ Kg7 29. Nd4 Rab8 30. Ne6+ Kh8 31. Nxf8 Rxf8 32. f4 Nc6 33. Bxc6 bxc6
34. Qd4+ Kg8 35. Qxb6 Rf6 36. a5 c5 37. Qxf6 Bxf6 38. a6 1-0

[Event "Let's Play Chess!"]
[Site "http://www.queenalice.com/game.php?id=820803"]
[Date "2010.8.20"]
[Round "-"]
[White "Scaracioli"]
[Black "himmit"]
[Result "0-1"]
[WhiteElo "1579"]
[BlackElo "1670"]

1. e4 e5 2. Nf3 Nc6 3. d4 exd4 4. Nxd4 Qh4 5. Bd3 Nxd4 6. Be3 Nc6 7. g3 Qd8 8.
c3 d6 9. Bb5 Bd7 10. Bxc6 Bxc6 11. f3 Nf6 12. Bg5 Be7 13. Bxf6 Bxf6 14. Nd2 O-O
15. Qc2 Re8 16. O-O-O Bd7 17. g4 Be6 18. h4 Bxh4 19. Rh3 Bg5 20. e5 dxe5 21. Kb1
h6 22. Ne4 f6 23. Rxd8 Raxd8 24. b3 h5 25. Rxh5 Bf7 26. Rh3 Bg6 27. Rh2 Rd6 28.
Kb2 Red8 29. b4 Rd2 30. Qxd2 Bxd2 31. Nxd2 Bf7 32. Kc1 a5 33. a3 axb4 34. axb4
Ra8 35. Kd1 Ra2 36. Ke2 Bd5 37. Ke3 c6 38. Re2 Kf7 39. Ne4 Rxe2+ 40. Kxe2 Bxe4
41. fxe4 Kg6 42. Kd3 Kg5 43. Kc4 Kxg4 44. Kc5 Kf4 45. Kb6 g5 46. Kxb7 g4 47.
Kxc6 g3 48. b5 g2 49. b6 g1=Q 50. b7 Qa7 51. Kc7 Qa5+ 52. Kb8 Qxc3 53. Ka8 Qa5+
54. Kb8 Kxe4 55. Kc8 Qc5+ 56. Kb8 Kd5 57. Ka8 Qa5+ 58. Kb8 Kc6 0-1

[Event "Challenge"]
[Site "http://www.queenalice.com/game.php?id=821150"]
[Date "2010.8.21"]
[Round "-"]
[White "charles31"]
[Black "himmit"]
[Result "0-1"]
[WhiteElo "1650"]
[BlackElo "1641"]

1. e4 e5 2. Nf3 Nc6 3. a3 Nf6 4. Nc3 a6 5. Bc4 Be7 6. d3 O-O 7. h3 d6 8. g4 Bd7
9. Be3 Qc8 10. Qd2 Bd8 11. Ng5 Nd4 12. Bxd4 exd4 13. Ne2 c5 14. Qf4 Be6 15. e5
dxe5 16. Bxe6 fxe6 17. Qxe5 Ba5+ 18. c3 dxc3 19. Nxc3 h6 20. Ne4 Nd5 21. O-O-O
Bc7 22. Qh5 Qe8 23. Nxd5 Qxh5 24. gxh5 exd5 25. Nxc5 Rxf2 26. h4 Bf4+ 27. Kb1
Be5 28. d4 Bf6 29. Nd7 Rc8 30. Nxf6+ Rxf6 31. Rd2 Rf5 32. Rhh2 Rxh5 33. b4 b5
34. Kb2 Re8 35. Rd3 Re4 36. Kc3 Kh7 37. Kb3 g5 38. a4 Rhxh4 39. Rxh4 Rxh4 40.
Kc3 g4 41. Rd2 h5 42. a5 Rh3+ 43. Kb2 g3 44. Rd1 Rh2+ 45. Kc3 h4 46. Kd3 Kg6 47.
Ke3 Rf2 48. Rg1 Kg5 49. Kd3 Kg4 50. Ke3 h3 51. Re1 Rf3+ 52. Kd2 g2 53. Ke2 h2
0-1

[Event "Let's Play Chess!"]
[Site "http://www.queenalice.com/game.php?id=821281"]
[Date "2010.8.22"]
[Round "-"]
[White "himmit"]
[Black "spawnwolfwolverine"]
[Result "0-1"]
[WhiteElo "1691"]
[BlackElo "1563"]

1. d4 d5 2. Nf3 e6 3. e3 Nf6 4. a3 Be7 5. c4 O-O 6. Nc3 b6 7. Bd3 a5 8. Bd2 Ba6
9. Qe2 Nbd7 10. e4 c6 11. O-O-O dxe4 0-1

[Event "Let's Play Chess!"]
[Site "http://www.queenalice.com/game.php?id=821282"]
[Date "2010.8.22"]
[Round "-"]
[White "spawnwolfwolverine"]
[Black "himmit"]
[Result "1-0"]
[WhiteElo "1584"]
[BlackElo "1658"]

1. d4 d5 2. e3 Nf6 3. Be2 Bf5 4. Nf3 c5 5. O-O e6 6. b3 h6 7. Bb2 Nc6 8. Nbd2
cxd4 9. Bxd4 Nb4 10. c4 Bd6 11. c5 1-0

[Event "Let's Play Chess!"]
[Site "http://www.queenalice.com/game.php?id=821283"]
[Date "2010.8.21"]
[Round "-"]
[White "himmit"]
[Black "robertson"]
[Result "0-1"]
[WhiteElo "1630"]
[BlackElo "1711"]

1. d4 d5 2. Nf3 Qd6 3. b3 Bf5 4. Bb2 Nd7 5. g3 Be4 6. Bg2 g5 7. Nbd2 Bxf3 8.
Bxf3 e6 9. c4 Ngf6 10. cxd5 Nxd5 11. e4 N5b6 12. d5 f6 13. dxe6 Qxe6 14. Bh5+
Kd8 15. O-O Bd6 16. Nf3 Ke7 17. Nd4 Qh3 18. Nf5+ Kf8 19. Bg4 Qxf1+ 20. Qxf1 Bc5
21. Nd4 Ne5 22. Ne6+ Ke7 23. Bxe5 h5 24. Nxc5 fxe5 25. Bf5 Rh6 26. Rd1 Rc6 27.
Nd7 Rd8 28. Nxe5 Rc5 29. Rxd8 Kxd8 30. Nf7+ Ke7 31. Nxg5 Kf6 32. Nf3 a5 33. Qh3
Ke7 0-1